La reforma protestante / (Record no. 18335)

000 -CABECERA
fixed length control field 00742nam a22001937a 4500
003 - IDENTIFICADOR DEL NÚMERO DE CONTROL
control field AR-CdUCM
008 - DATOS DE LONGITUD FIJA--INFORMACIÓN GENERAL
fixed length control field 190513b ||||| |||| 00| 0 spa d
040 ## - FUENTE DE LA CATALOGACIÓN
Agencia/entidad que catalogó originalmente la obra MUNICIPALIDAD PROVINCIAL DEL CUSCO
Entidad que transcribió la catalogación BIBLIOTECA MUNICIPAL DEL CUSCO
082 ## - NÚMERO DE LA CLASIFICACIÓN DECIMAL DEWEY
No. de Clasificación 284 /
Notacion interna J21
100 ## - ENTRADA PRINCIPAL--NOMBRE DE PERSONA
Nombre Personal Janacek, Josef.
245 ## - MENCIÓN DE TÍTULO
Título La reforma protestante /
260 ## - PUBLICACIÓN, DISTRIBUCIÓN, ETC.
Fecha de publicación, distribución, etc. 1966.
Lugar de publicación, distribución, etc. Argentina :
Nombre de la editorial, distribuidor, etc. Cartago,
300 ## - DESCRIPCIÓN FÍSICA
Nº de Páginas Extensión 171 páginas ;
Dimensiones 20 cm.
505 ## - NOTA DE CONTENIDO CON FORMATO
Nota de contenido formateada Contenido : Martin Lutero y el nacimiento de la reforma en Alemania -- Tres caminos de la reforma -- Evolución de la reforma de Ulrico Zwinglio en Suiza -- La reforma en Francia e Inglaterra ...
650 ## - PUNTO DE ACCESO ADICIONAL DE MATERIA--TÉRMINO DE MATERIA
Descriptor Europa.
9 (RLIN) 1221
650 ## - PUNTO DE ACCESO ADICIONAL DE MATERIA--TÉRMINO DE MATERIA
Descriptor Contrarreforma.
9 (RLIN) 123
942 ## - ELEMENTOS DE PUNTO DE ACCESO ADICIONAL (KOHA)
Fuente de clasificación
Tipo de item Libros-BMC
945 ## - PROCESAMIENTO DE INFORMACIÓN LOCAL (OCLC)
Catalogador rum
AAAA-MM-DD - Fecha de ingreso o modificacion 2019-05-13
Holdings
Estado de retiro (separado) Fuente de clasificación o esquema de estanterías Estado dañado Ubicación Sala donde se ubica Nombre de la colección Fecha de adquisición o compra Costo, precio normal en soles Signatura topográfica Código de Barras Última vez visto (Koha) Tipo de ítem (Koha)
No     Sala Humanidades Sala Humanidades Book Cart 2019-05-13 20.00 284 / J21 SH0000013306 2019-05-13 Libros-BMC

Powered by Koha